Nenne für jede umstrittene Region ein gültiges Land - Statistiken

Allgemein
  • Dieses Quiz wurde 80 mal gespielt
  • Das Durchschnittsergebnis liegt bei 9 aus 18
Antwortstatistiken
Territorium Land % Korrekt
Krim Russland | Ukraine
100%
Mount Blanc Gipfel Frankreich | Italien
93%
Falkland Inseln Vereinigtes Königreich | Argentinien
92%
Koreanische Halbinsel Nordkorea | Südkorea
89%
Jammu and Kashmir Indien | Pakistan
83%
Teile des Ägäischen Meers Griechenland | Türkei
75%
Golan Höhen Israel | Syrien
67%
Südliches Patagonisches Eisfeld Argentinien | Chile
65%
Mayotte Frankreich | Komoren
60%
Ceuta und Melilla Spanien | Marokko
58%
Kurilen Russland | Japan
38%
Akrotiri and Dhekelia Vereinigtes Königreich | Zypern
35%
Hala'ib Dreieck Ägypten | Sudan
19%
Spratly Inseln Brunei | China | Malaysia | Philippinen | Taiwan | Vietnam
19%
Kleine Gebiete der Juan-De-Fuca-Straße Kanada | Vereinigte Staaten
18%
Siachengletscher Region Indien | Pakistan | Taiwan
15%
Essequibo Venezuela | Guyana
13%
Teile des Ferghanatals Kirgisistan | Tadschikistan | Usbekistan
10%
Keine übereinstimmenden Quizze gefunden
Verteilung der Resultate
Anzahl Personen mit jedem Resultat
Perzentil nach korrekt beantworteten Fragen
Ihre Resultats-Entwicklung
Sie haben dieses Quiz noch nicht gespielt